|
|
|
|
| LEADER |
00876cam a2200253 a 4500 |
| 001 |
0000085899 |
| 005 |
20080820090000.0 |
| 040 |
|
|
|a mod
|
| 041 |
|
|
|a eng
|
| 020 |
0 |
0 |
|a 0761934154
|
| 020 |
0 |
0 |
|a 9834198396
|
| 090 |
0 |
0 |
|a 658.406
|b HAR
|e 2006
|
| 100 |
1 |
0 |
|a Harigopal
|h K
|
| 245 |
1 |
0 |
|a Management of organizational change
|b leveraging transformation
|c K. Harigopal
|
| 250 |
0 |
0 |
|a 2nd ed
|
| 260 |
0 |
0 |
|a New Delhi
|b Response Books
|c 2006
|
| 300 |
0 |
0 |
|a 341 p.
|b ill.
|c 21 cm
|
| 500 |
0 |
0 |
|a Includes index
|
| 650 |
0 |
0 |
|a Organizational change
|
| 650 |
0 |
0 |
|a Strategic planning
|
| 852 |
0 |
0 |
|a 01
|
| 999 |
|
|
|a 0254572
|b KEMENTAH
|d BOOKS
|e Umum
|f Perpustakaan KEMENTAH
|j AVAILABLE
|q GOOD CONDITION
|
| 999 |
|
|
|a 0260115
|b 2 DIV
|d BOOKS
|e Umum
|f 2 DIV
|j AVAILABLE
|q GOOD CONDITION
|
| 999 |
|
|
|a 0272415
|b Markas Pemerintahan Latihan & Doktrin
|d BOOKS
|e Umum
|f Markas Pemerintahan Latihan & Doktrin
|j AVAILABLE
|q GOOD CONDITION
|